| 000 | 00569nam a22001817a 4500 | ||
|---|---|---|---|
| 003 | SISC | ||
| 005 | 20160330151659.0 | ||
| 008 | 130907t xxu||||| |||| 00| 0 eng d | ||
| 020 | _a0669010596 | ||
| 050 |
_aHV 8138 _b.C68 1975 |
||
| 082 |
_aHS 364.973 _bM88 1975 |
||
| 245 |
_aCrime and criminal justice / _cedited by Gardener Mulky |
||
| 260 |
_aLexington, D.C : _bHealth and Company, _cc1975. |
||
| 300 |
_a211 p. : _c23 cm. |
||
| 650 |
_aCriminal justice ,Administrator of United States _xAddresses, essays,Lectures _917051 |
||
| 942 |
_2lcc _cBK |
||
| 999 |
_c10594 _d10594 |
||